Statistics for Love The Way You Lie - Eminem Feat. Rihanna - All Lyrics

Click here to take the quiz!

General Stats

  • This quiz has been taken 282 times
  • The average score is 577 of 732

Answer Stats

Answer% Correct
the
100%
a
99%
I
99%
love,
99%
love
99%
way
99%
lie
98%
me,
98%
me
98%
ya
98%
You
98%
you!"
98%
you
98%
you,
98%
And
97%
and
97%
be
96%
it
96%
what
96%
go
95%
Just
95%
just
95%
stand
95%
there
95%
There
95%
hear
94%
that
94%
watch
94%
burn?
93%
gonna
93%
like
93%
hurt
91%
on
91%
All
90%
all
90%
because
89%
but
89%
But
89%
cry?
89%
right,
89%
right
89%
that's
89%
can
87%
hurts
87%
we
87%
is,
86%
is
86%
no
86%
"No,
86%
When
86%
when
86%
can't
84%
feel
84%
in
84%
tell
84%
my
83%
do
82%
it's
82%
It's
82%
It’s
82%
feels
81%
So
81%
so
81%
her
80%
her,
80%
only
80%
to
80%
I’m
79%
I'm
79%
"I'm
79%
I'ma
79%
know
79%
Now,
79%
Now
79%
now,
79%
really
79%
Come
78%
your
78%
Don’t
76%
don't
76%
back!"
75%
back,
75%
back
75%
'Cause
75%
'cause
75%
of
74%
as
73%
As
73%
you're
73%
Then
72%
this
72%
Well,
72%
Where
72%
even
71%
too
71%
at
70%
baby,
70%
breathe
70%
breathe,
70%
fuckin'
70%
here
70%
much
70%
wind
70%
ever
69%
fight
69%
she
69%
She
69%
time?
69%
time
69%
was
69%
yeah,
69%
again
68%
again,
68%
hate
68%
meet,
68%
off
68%
goin'
67%
look
67%
with
67%
baby,
66%
did
66%
ain't!
65%
away
65%
bad,
65%
bad
65%
fire,
65%
leaving
65%
mean
65%
next
65%
Next
65%
our
65%
pane
65%
said
65%
still
65%
guess
64%
Guess
64%
his
64%
If
64%
Maybe
64%
things,
64%
things
64%
tornado
64%
up
64%
walk
64%
'em?
63%
'em
63%
'em,
63%
eyeball
63%
get
63%
good,
63%
voice
63%
volcano
63%
didn't
62%
going?"
62%
house
62%
name
62%
set
62%
they
62%
why
62%
great
61%
hates
61%
I'll
61%
leave
61%
meets
61%
never
61%
seems
61%
talk?
61%
though
61%
want
61%
We're
61%
won't
61%
barely
60%
bed
60%
from
60%
hands
60%
happens
60%
insane,
60%
isn't
60%
more
60%
own
60%
same
60%
somebody
60%
strength
60%
Superman
60%
windpipe
60%
flight
59%
game
59%
into
59%
lied
59%
window
59%
hit
58%
mine
58%
she's
58%
sidewalk
58%
suffer,
58%
tie
58%
while
58%
about
57%
apologize,
57%
ashamed
57%
call
57%
crazy
57%
Got
57%
inside,
57%
Lane
57%
lies
57%
pick
57%
please
57%
relationship
57%
say
57%
suffocate
57%
"Wait!
57%
wasn't
57%
awful,
56%
bags
56%
feelin',
56%
High
56%
laid
56%
Lois
56%
sincerity
56%
steel
56%
Told
56%
drown,
55%
drunk
55%
fault,
55%
low
55%
comes
54%
day,
54%
long
54%
nothin'
54%
out
54%
patterns,
54%
runnin'
54%
stoop
54%
them
54%
"Who's
54%
drywall
53%
each
53%
fall
53%
fist
53%
fuzzy
53%
knife
53%
one
53%
over,
53%
over
53%
routine
53%
sick
53%
tired
53%
wrong
53%
games,
52%
lookin'
52%
pull
52%
snapped,
52%
yesterday
52%
yesterday,
52%
different
51%
dude?"
51%
face
51%
gettin'
51%
other's
51%
there's
51%
you'd
51%
before
50%
swore
49%
Throw
49%
warm
49%
down,
48%
hair,
48%
liar
48%
life
48%
Nintendo
48%
separate
48%
temper's
48%
tries
48%
ways
48%
broken
47%
chills,
47%
neither
47%
pin
47%
push,
47%
records
47%
resuscitates
47%
used
47%
blinded,
46%
chance,
46%
spit
46%
today,
46%
venom
46%
huffin'
45%
promised
45%
words
45%
you'll
45%
another
44%
playin'
44%
show
44%
lost
43%
paint
43%
pissed,
43%
best
42%
claw,
42%
scratch,
42%
aim
41%
bit
41%
both
41%
restraint
40%
sound
40%
Spewin'
40%
controls
38%
moments
38%
rage
34%
took
32%

Score Distribution

Percentile by Number Answered

Percent of People with Each Score

Your Score History

You have not taken this quiz